000 00738nam a2200205Ii 4500
003 JO-AjNU
008 230605s9999||||xx |||||||||||||| ||und||
040 _aJO-AjNU
_bara
_erda
_cJO-AjNU
041 _aara
050 1 4 _aDS106.N3264 1990
100 3 _aتاليف الحنفي، عبد الغني النابلسي؛ تحقيق ودراسة العلبي، أكرم حسن,
_eauthor
_940954
245 0 0 _aالحضرة الأنسية في الرحلة القدسية
250 _aط1
264 3 1 _aبيروت: المصادر، 1990
300 _a400ص
336 _atext
_btxt
_2rdacontent
337 _aunmediated
_bn
_2rdamedia
338 _avolume
_bnc
_2rdacarrier
650 4 _aالقدس(فلسطين)- رحلات ووصف
_940955
999 _aA17421
_c20989
_d20989